Ведомости о числе родившихся по Владимирской, Воронежской, Области Войска Донского и Вологодской губерниях за 1913 г.

RUSMARC
00008249cbc2a2200000#x 450
001608441740ac740ad841e724a1dac62ff
00520180410111448.0
100##$a20131007l19131913k y0rusy0189 ca
1010#$arus
102##$aRU
461#0$1001eb526daf-bdae-4646-bff8-fbb6e04322ec
$12001
$aЦентральный статистический комитет МВД
$1251
$cФонд
$1852
$j1290
2250#$aФонд Центральный статистический комитет
$hОпись № 4
300##$aРукописный текст. Чернила
324##$aМикрофиши
801#0$aRU
$bРГИА
$c20131007
801#1$aRU
$bГлавНИВЦ
$c20131007
$2rusmarc
801#2$aRU
$bПБ им. Б.Н. Ельцина
$c20131008
$gRCR
$2rusmarc
850##$aФедеральное казенное учреждение "Российский государственный исторический архив" (РГИА)
852##$aРГИА
$j626
937##$aASBIBLIO_SCAN
$bРГИА_1290:_4:_626:
$d1128588
$hРГИА
2001#$aВедомости о числе родившихся по Владимирской, Воронежской, Области Войска Донского и Вологодской губерниях за 1913 г.
$j1913
215##$a278 листов
035##$a608441740ac740ad841e724a1dac62ff
1220#$ad1913######
462#0$10016c391976-71f3-4ecf-b4eb-e27bc4882cd5
$12001
$a1835-1917 гг.
$vД. 626
$1251
$cОпись
$1852
$j4
251##$cДело
6061#$2prlib_sh
$3LIBNET\UAF\0000074218
$aНаселение
$jДокументы и материалы
$xДвижение
$yВладимирская губерния
6061#$2prlib_sh
$3LIBNET\UAF\0000074219
$aНаселение
$jДокументы и материалы
$xДвижение
$yВоронежская губерния
6061#$2prlib_sh
$3LIBNET\UAF\0000074220
$aНаселение
$jДокументы и материалы
$xДвижение
$yВологодская губерния
6061#$2prlib_sh
$3LIBNET\UAF\0000074221
$aНаселение
$jДокументы и материалы
$xДвижение
$yВойска Донского область
617##$2prlib_sh
$cВладимирская область
617##$cВладимирская губерния
$2prlib_sh
617##$cВоронежская губерния
$2prlib_sh
617##$cВоронежская область
$2prlib_sh
617##$cВологодская губерния
$2prlib_sh
617##$cВологодская область
$2prlib_sh
617##$cВойска Донского область
$2prlib_sh
617##$cСтавропольский край
$2prlib_sh
686##$a60.73(28-8Вла)5-4ю1
$vLBC/M
$2rubbk
686##$a60.73(28-8Вор)5-4ю1
$vLBC/M
$2rubbk
686##$a60.73(28-8Вол)5-4ю1
$vLBC/M
$2rubbk
686##$a60.73(28-8Обл)5-4ю1
$vLBC/M
$2rubbk
605##$2acquisition_Prlib
$3DITM\AF\0000003834
$aНарод
$lколлекция
605##$aТерритория
$lколлекция
$2acquisition_Prlib
$3DITM\AF\0000004675
605##$aТерритория России: Владимирская область
$lколлекция
$2acquisition_Prlib
$3LIBNET\UAF\0000046564
605##$aВладимирская область: страницы истории
$lколлекция
$2acquisition_Prlib
$3LIBNET\UAF\0000053709
605##$aТерритория России: Воронежская область
$lколлекция
$2acquisition_Prlib
$3LIBNET\UAF\0000031708
605##$aТерритория России: Вологодская область
$lколлекция
$2acquisition_Prlib
$3LIBNET\UAF\0000046565
605##$aТерритория России: Ставропольский край
$lколлекция
$2acquisition_Prlib
$3LIBNET\UAF\0000057839
Формат отображения